| 000 | 00560nam a2200193Ia 4500 | ||
|---|---|---|---|
| 005 | 20250508151419.0 | ||
| 008 | 008 250505s9999 xx 000 0 eng d | ||
| 037 | _aTextual | ||
| 040 |
_aFEDL _beng _cFEDL |
||
| 041 |
_aeng _2eng |
||
| 084 |
_a335.441, POS _qFEDL |
||
| 100 | _aPossony Stefan T. | ||
| 245 | 0 | _aCenturyof conflict : Communist techniques of world revolution | |
| 260 |
_aChicago _bHenry Regnery Company _c1953 |
||
| 300 | _axxiv,439p. | ||
| 650 | _aEconomics | ||
| 942 |
_cTEXL _h335.441, POS |
||
| 999 |
_c1329622 _d1329622 |
||